World of hunger: Strategy for sarvival (Record no. 1455960)

MARC details
000 -LEADER
fixed length control field 00598nam a2200217Ia 4500
005 - DATE AND TIME OF LATEST TRANSACTION
control field 20250923145816.0
008 - FIXED-LENGTH DATA ELEMENTS--GENERAL INFORMATION
fixed length control field 008 250917s9999 xx 000 0 eng d
037 ## - SOURCE OF ACQUISITION
Stock number Textual
040 ## - CATALOGING SOURCE
Original cataloging agency DSWL
Language of cataloging eng
Transcribing agency DSWL
041 ## - LANGUAGE CODE
Language code of text/sound track or separate title eng
Source of code eng
084 ## - COLON CLASSIFICATION NUMBER
Classification number Y:434:g, N80
Assigning agency DSWL
100 ## - MAIN ENTRY--PERSONAL NAME
Personal name Power, J.
9 (RLIN) 839157
245 #0 - TITLE STATEMENT
Title World of hunger: Strategy for sarvival
Statement of responsibility, etc. by J.Power.
260 ## - PUBLICATION, DISTRIBUTION, ETC.
Place of publication, distribution, etc. New Delhi
Name of publisher, distributor, etc. Heritage
Date of publication, distribution, etc. 1980
300 ## - PHYSICAL DESCRIPTION
Extent 191p.
365 ## - TRADE PRICE
Price type code INR
Price amount 50.00
700 ## - ADDED ENTRY--PERSONAL NAME
Personal name A. Holenstein
9 (RLIN) 839158
925 ## -
-- 50.00
942 ## - ADDED ENTRY ELEMENTS (KOHA)
Koha item type Textual
Classification part Y:434:g, N80
Holdings
Withdrawn status Lost status Damaged status Not for loan Home library Current library Date acquired Source of acquisition Inventory number Total Checkouts Full call number Barcode Date last seen Price effective from Koha item type
        Department of Social Work Library Department of Social Work Library 2025-09-23 Gifted by Book Distributor Gifted   Y:434:g, N80 SW0023735 2025-09-23 2025-09-23 Textual
Copyright @ Delhi University Library System